书目信息 |
| 题名: |
科教兴国
|
|
| 作者: | 朱丽兰 | |
| 分册: | ||
| 出版信息: | 北京 中央党校出版社 1995 |
|
| 页数: | 516 | |
| 开本: | 20cm | |
| 丛书名: | ||
| 单 册: | ||
| 中图分类: | G322.0 | |
| 科图分类: | ||
| 主题词: | 科学研究事业--世界 | |
| 电子资源: | ||
| ISBN: | 7-5035-1244-X | |
| 000 | 00625nam0 2200193 450 | |
| 001 | 0760515518 | |
| 005 | 20070817164835.51 | |
| 010 | @a7-5035-1244-X@d¥18.60 | |
| 100 | @a20070817d km y0chiy0120 ea | |
| 101 | 0 | @achi |
| 200 | 1 | @a科教兴国@Ake jiao xing guo@e中国迈向21世纪的重大战略决策@f朱丽兰@Fzhu li lan |
| 210 | @a北京@c中央党校出版社@d1995 | |
| 215 | @a516@d20cm | |
| 517 | 1 | @a中国迈向21世纪的重大战略决策@Azhong guo mai xiang 21 shi ji de zhong da zhan lue jue ce |
| 606 | 0 | @a科学研究事业@x世界 |
| 690 | @aG322.0@v3 | |
| 701 | 0 | @a朱丽兰@Azhu li lan |
| 801 | 0 | @aCN@bPFT@c20070817 |
| 905 | @a213230@dG322.0@eg1@f1 | |
| 科教兴国:中国迈向21世纪的重大战略决策/朱丽兰.-北京:中央党校出版社,1995 |
| 516;20cm |
| ISBN 7-5035-1244-X:¥18.60 |
| ● |
| 相关链接 |
|
|
|
|
正题名:科教兴国
索取号:G322.0/g1
 
预约/预借
| 序号 | 登录号 | 条形码 | 馆藏地/架位号 | 状态 | 备注 |
| 1 | 6500902 | 265009028 | 经管系资料室/ [索取号:G322.0/g1] | 在馆 |